书目信息 |
| 题名: |
智能电网及其安全工程技术分析
|
|
| 作者: | 程健 , 王艳秋 , 张随平 主编 | |
| 分册: | ||
| 出版信息: | 沈阳 辽宁科学技术出版社 2023.02 |
|
| 页数: | 98页 | |
| 开本: | 24cm | |
| 丛书名: | ||
| 单 册: | ||
| 中图分类: | TM76 | |
| 科图分类: | ||
| 主题词: | 智能控制--zhi neng kong zhi--电网--电力安全 | |
| 电子资源: | ||
| ISBN: | 978-7-5591-2915-4 | |
| 000 | 01084nam0 2200277 450 | |
| 001 | 93110 | |
| 005 | 20250818190555.24 | |
| 010 | @a978-7-5591-2915-4@dCNY58.00 | |
| 100 | @a20230524d2023 em y0chiy50 ea | |
| 101 | 0 | @achi |
| 102 | @aCN@b210000 | |
| 105 | @aa a 000yy | |
| 106 | @ar | |
| 200 | 1 | @a智能电网及其安全工程技术分析@Azhi neng dian wang ji qi an quan gong cheng ji shu fen xi@f主编程健, 王艳秋, 张随平 |
| 210 | @a沈阳@c辽宁科学技术出版社@d2023.02 | |
| 215 | @a98页@c图@d24cm | |
| 300 | @a国网甘肃省电力公司 | |
| 320 | @a有书目 (第95-98页) | |
| 330 | @a本书主要内容包括: 智能电网概述、智能电网安全建设、智能电网通信系统安全、变电站自动化系统漏洞评估、智能电网能源管理系统与控制系统安全、智能电网安全“最后一公里”共六章。具体内容包括: 电网简介、智能电网简介、智能电网建设的必要性等。 | |
| 606 | 0 | @a智能控制@Azhi neng kong zhi@x电网@x电力安全 |
| 690 | @aTM76@v5 | |
| 701 | 0 | @a程健@Acheng jian@4主编 |
| 701 | 0 | @a王艳秋@Awang yan qiu@4主编 |
| 701 | 0 | @a张随平@Azhang sui ping@4主编 |
| 801 | 0 | @aCN@c20250909 |
| 905 | @a河南城建学院图书馆@dTM76@eC745@f1 | |
| 智能电网及其安全工程技术分析/主编程健, 王艳秋, 张随平.-沈阳:辽宁科学技术出版社,2023.02 |
| 98页:图;24cm |
| 国网甘肃省电力公司 |
| ISBN 978-7-5591-2915-4:CNY58.00 |
| 本书主要内容包括: 智能电网概述、智能电网安全建设、智能电网通信系统安全、变电站自动化系统漏洞评估、智能电网能源管理系统与控制系统安全、智能电网安全“最后一公里”共六章。具体内容包括: 电网简介、智能电网简介、智能电网建设的必要性等。 |
| ● |
| 相关链接 |
|
|
|
正题名:智能电网及其安全工程技术分析
索取号:TM76/C745
 
预约/预借
| 序号 | 登录号 | 条形码 | 馆藏地/架位号 | 状态 | 备注 |
| 1 | 1627068 | 216270684 | 自科库301/301自科库 19排1列2层/ [索取号:TM76/C745] | 在馆 |